effects of mg, s, zn, mn and b on growth, yield and oil content of sunflower / (Record no. 16667)

MARC details
000 -LEADER
fixed length control field 01093nam a22002657a 4500
001 - CONTROL NUMBER
control field BD-DhSAU 9278
003 - CONTROL NUMBER IDENTIFIER
control field BD-DhSAU
005 - DATE AND TIME OF LATEST TRANSACTION
control field 20230301161345.0
008 - FIXED-LENGTH DATA ELEMENTS--GENERAL INFORMATION
fixed length control field 150613b2018 bg a|||| m||| 00| 0 eng d
040 ## - CATALOGING SOURCE
Original cataloging agency BD-DhSAU
082 ## - DEWEY DECIMAL CLASSIFICATION NUMBER
Edition number 22
Classification number 630.2
Item number Sh17
100 ## - MAIN ENTRY--PERSONAL NAME
Personal name MD. SHAMIMUZZAMAN
Relator term Registration No. # 19-10368
245 ## - TITLE STATEMENT
Title effects of mg, s, zn, mn and b on growth, yield and oil content of sunflower /
Remainder of title MS thesis
260 ## - PUBLICATION, DISTRIBUTION, ETC. (IMPRINT)
Place of publication, distribution, etc. Sher-e-Bangla Agricultural University :
Name of publisher, distributor, etc. Department of Agricultural Chemistry,
Date of publication, distribution, etc. 2021
300 ## - PHYSICAL DESCRIPTION
Extent vii, 45p. :
Other physical details ill. ;
Dimensions 30 cm.
500 ## - GENERAL NOTE
General note MS thesis of Department of agricultural Chemistry, Faculty of Agriculture , Sher-e-Bangla Agricultural University, Dhaka, Bangladesh
504 ## - BIBLIOGRAPHY, ETC. NOTE
Bibliography, etc Includes bibliographical reference.
590 ## - Name of Cataloguer
Name of Cataloger Nazmul
650 ## - SUBJECT ADDED ENTRY--TOPICAL TERM
Topical term or geographic name as entry element effects of mg, s, zn, mn and b
650 ## - SUBJECT ADDED ENTRY--TOPICAL TERM
Topical term or geographic name as entry element sunflower
700 ## - ADDED ENTRY--PERSONAL NAME
Personal name Prof. Dr. Md. Abdur Razzaque
Relator term Superviser
700 ## - ADDED ENTRY--PERSONAL NAME
Personal name Prof. Dr. Tahmina Akter
Relator term Co-superviser
856 ## - ELECTRONIC LOCATION AND ACCESS
Uniform Resource Identifier <a href="http://archive.saulibrary.edu.bd:8080/xmlui/handle/123456789/4808">http://archive.saulibrary.edu.bd:8080/xmlui/handle/123456789/4808</a>
942 ## - ADDED ENTRY ELEMENTS (KOHA)
Source of classification or shelving scheme Dewey Decimal Classification
Koha item type MS Level Thesis
Holdings
Withdrawn status Lost status Source of classification or shelving scheme Damaged status Not for loan Collection code Home library Branch Name Date acquired Total Checkouts Full call number Barcode Date last seen Price effective from Koha item type
    Dewey Decimal Classification   Not For Loan Reference SAU Library SAU Library 01/03/2023   630.2 Sh17 44471 01/03/2023 01/03/2023 MS Level Thesis